Department of agriculture: a report to the Congress (Record no. 503669)

000 -LEADER
fixed length control field 00449cam a22001097a 4500
008 - FIXED-LENGTH DATA ELEMENTS--GENERAL INFORMATION
fixed length control field 180718b1949 xxu||||| |||| 00| 0 eng d
082 ## - DEWEY DECIMAL CLASSIFICATION NUMBER
Classification number I5135x73 Un3/DC
100 ## - MAIN ENTRY--PERSONAL NAME
Personal name Commission on Organization of the Executive Branch of Government
245 ## - TITLE STATEMENT
Title Department of agriculture: a report to the Congress
Statement of responsibility, etc. by Commission on Organization of the Executive Branch of Government
260 ## - PUBLICATION, DISTRIBUTION, ETC.
Place of publication, distribution, etc. Washington
Name of publisher, distributor, etc. U.S. Government Printing Office
Date of publication, distribution, etc. 1949
300 ## - PHYSICAL DESCRIPTION
Extent 112p.
Holdings
Withdrawn status Lost status Damaged status Not for loan Permanent Location Current Location Date acquired Full call number Barcode Date last seen Price effective from Koha item type
        Indian Institute of Public Administration Indian Institute of Public Administration 2018-08-04 I5135x73 Un3/DC GG32568 2018-08-04 2018-08-04 GG

Powered by Koha